Projektovanie, stavba, rekonštrukcia a modernizácia železničných tratí a staníc /

Guardado en:
Detalles Bibliográficos
Autores principales: Ižvolt, Libor (Autor), Hodás, Stanislav (Autor)
Otros Autores: Plášek, Otto (Revisador)
Formato: Libro
Lenguaje:eslovaco
Publicado: Žilina: EDIS - vydavateľké centrum ŽU, 2020
Edición:1. vyd.
Colección:Vysokoškolské učebnice
Materias:
Etiquetas: Agregar Etiqueta
Sin Etiquetas, Sea el primero en etiquetar este registro!

MARC

LEADER 00000nam a22000003a 4500
001 0115078
003 SK-STU
005 20250423132406.4
007 ta
008 250423s ----xo-----e------000-0-----d
020 |a 978-80-554-1703-5 
040 |a STU  |b slo 
041 0 |a slo  |h slo 
044 |a xo 
100 1 |a Ižvolt, Libor  |4 aut 
245 1 0 |a Projektovanie, stavba, rekonštrukcia a modernizácia železničných tratí a staníc /  |c aut. Libor Ižvolt, Stanislav Hodás ; rec. Otto Plášek 
250 |a 1. vyd. 
260 |a Žilina:  |b EDIS - vydavateľké centrum ŽU,  |c 2020 
300 |a 699 s. 
490 0 |a Vysokoškolské učebnice 
650 0 7 |a železničné trate 
650 0 7 |a železničné stanice 
700 1 |a Hodás, Stanislav  |4 aut 
700 1 |a Plášek, Otto  |4 rev 
996 |b 284V038228  |c V* 53702/O-24795  |l VVT  |s P  |a 0  |w 0115078_0001